01687nam a2200409 a 4500008004100000020003200041040002500073044001100098080001900109080000800128080000800136080001500144100002700159245032400186250001300510260005000523300002800573500017600601700002800777700003300805700002800838700002300866700003100889700003100920700002600951700002400977700003101001700002401032700002201056700002801078700002201106700002201128041000801150958000601158999001701164952009601181951212s1980||||CS 0 slo c c60 Kčs. q(10000 výtl.) aSNKbslocSNKeAACR2 axocSK a719(437.6):779 a779 a779 a719(437.6)1 aJankovič, Vendelín10aNárodné kultúrne pamiatky na SlovenskucVendelín Jankovič ; Eva Križanová, Blanka Puškárová, Imrich Puškár, Andrej Fiala, Libuše Cidlinská, Mária Kodoňová, Michal Horský, Ján Lichner, Ladislav Borodáč, Robert Brož, Kodoňová, Krajčovičová, Ladzianský, Rákayová a1., vyd. aMartinbOsvetac1980eMartinfTlačiarne SNP a301 s., 42,04 AHc25 cm aLit. 144. Fot. na front. Slovník použ. architektonických výrazov. Res. rus., nem. a angl. 144 zázn. lit. o knihách, čl. a zbor. v jaz. slov., čes. a maď.1 aKrižanová, Eva4aut1 aPuškárová, Blanka4aut1 aPuškár, Imrich4aut1 aFiala, Andrej4aut1 aCidlinská, Libuše4aut1 aKodoňová, Mária4aut1 aHorský, Michal4aut1 aLichner, Ján4aut1 aBorodáč, Ladislav4gup1 aBrož, Robert4gup1 aKodoňová4gup1 aKrajčovičová4gup1 aLadzianský4gup1 aRákayová4gup aslo aA c14950d14950 001040708Ka10000b10000d2019-11-29g60.00i13988oI 0087r2019-11-29w2019-11-29yOLDO